000 00271nam a2200109Ia 4500
008 190912s9999||||xx |||||||||||||| ||und||
100 _aSyed Aftab Alam
245 0 _aGhalib : Her Sade Ka Shaher
260 _aKarachi
_bDost Publications
_c2016
300 _a350
942 _cBK
999 _c7363
_d7363